00585nam a2200145Ia 4500008004100000024005600041082002000097100007500117245003700192260002600229600002700255650003300282856010700315999001700422260210s9999 xx 000 0 und d a18B-008-EE, 18B-009-EE, 18B-032-EE & 18B-040-EE a621.6109072 KAN aAreej Kanwal, M. Hamza Yaseen, Syed M. Yaseen & M. Daniyal Farrukh 0aWireless Water management system aKarachi:bUITU,c2018 aElectronic Engineering aBachelor of Engineering (BE) uhttps://drive.google.com/file/d/1O4zpY8CRYCugI6iIVUnw94eJBX14IVWP/view?usp=sharingyClick here for PDF c33307d33307